000 00586nam a2200193Ia 4500
008 180921t1983 xxu||||| |||| 00| 0 sin d
041 _asin
080 _a63(x)
_bARI
100 _aAris, Dawut
245 _aශ්‍රි ලංකාවෙි කෂි කර්මයට මග පෙන්විමක්
246 _aSri lankaave krishi karma vyapthiyata maga penvemak
260 _b
_c1983
300 _a30p., 28 cm
650 _aCultivation
_aAgriculture
700 _aSenanayake, T.B.
_eed.
942 _cBK
999 _c12897
_d12897
003 LK-CoDNM
040 _aLK-CoDNM
_dLK-CoDNM
_eLK-CoDNM